00753cam a2200229 a 450000100100000000500170001000800410002702000150006804000230008308200190010610000320012524500770015726000320023430000280026649000290029450400540032360000330037765000190041065000230042970000400045283000310049200000545920200929151702.0970523s1996 sp a b 000 f spa  a8437614929 aDO-SdBNPcDLCdDLC aPe863.4bA366p1 aAlegría, Ciro,d1909-196714aLos perros hambrientos /cCiro Alegría ; edición de Carlos Villanes. aMadrid :bCátedra,c1996. a278 p. :bil. ;c18 cm.1 aLetras hispánicasv419 aIncluye referencias bibliográficas (p. 91-108).14aALEGRÍA, CIRO,d1909-1967. 4aNovela peruana 4aLiteratura peruana1 aVillanes Cairo, Carlos,d1943-eed. 0aLetras hispánicas ;v419